Corporate governance and accountability (Record no. 12)
[ view plain ]
| 000 -LEADER | |
|---|---|
| fixed length control field | 00555 a2200205 4500 |
| 001 - CONTROL NUMBER | |
| control field | 000808 |
| 003 - CONTROL NUMBER IDENTIFIER | |
| control field | OSt |
| 005 - DATE AND TIME OF LATEST TRANSACTION | |
| control field | 20210930162335.0 |
| 008 - FIXED-LENGTH DATA ELEMENTS--GENERAL INFORMATION | |
| fixed length control field | |
| 020 ## - INTERNATIONAL STANDARD BOOK NUMBER | |
| International Standard Book Number | 111844910X |
| 040 ## - CATALOGING SOURCE | |
| Transcribing agency | CURAJ |
| 082 ## - DEWEY DECIMAL CLASSIFICATION NUMBER | |
| Classification number | 338.6 |
| Item number | S47C |
| 100 1# - MAIN ENTRY--PERSONAL NAME | |
| Personal name | Solomon, Jill |
| 245 1# - TITLE STATEMENT | |
| Title | Corporate governance and accountability |
| Statement of responsibility, etc | by Jill Solomon |
| 250 ## - EDITION STATEMENT | |
| Edition statement | 3rd ed. |
| 260 ## - PUBLICATION, DISTRIBUTION, ETC. (IMPRINT) | |
| Place of publication, distribution, etc | India |
| Name of publisher, distributor, etc | Wiley |
| Date of publication, distribution, etc | 2010 |
| 300 ## - PHYSICAL DESCRIPTION | |
| Extent | 414p. |
| 690 ## - LOCAL SUBJECT ADDED ENTRY--TOPICAL TERM (OCLC, RLIN) | |
| Topical term or geographic name as entry element | United States; Chief executive officers; Corporate governance; Disclosure in accounting |
| 942 ## - ADDED ENTRY ELEMENTS (KOHA) | |
| Source of classification or shelving scheme | Dewey Decimal Classification |
| Koha item type | Books |
| Withdrawn status | Lost status | Source of classification or shelving scheme | Damaged status | Not for loan | Collection code | Home library | Current library | Date acquired | Source of acquisition | Cost, normal purchase price | Full call number | Barcode | Date last seen | Price effective from | Koha item type |
|---|---|---|---|---|---|---|---|---|---|---|---|---|---|---|---|
| Dewey Decimal Classification | General Text Book | Central University Of Rajasthan | Central University Of Rajasthan | 28/09/2010 | MGM | 3398.00 | 338.6 S47C | 800 | 21/11/2024 | 02/09/2020 | Books |
